Report of the experts meeting for the Re-establishment of the GFCM committee on aquaculture network on environment and aquaculture in the Mediterranean, Rome, 7 - 9 December 2005
Kaydedildi:
| Materyal Türü: | Kitap |
|---|---|
| Dil: | Undetermined |
| Baskı/Yayın Bilgisi: |
Rome
FAO
2006
|
| Konular: | |
| Etiketler: |
Etiketle
Etiket eklenmemiş, İlk siz ekleyin!
|
| Thư viện lưu trữ: | Trung tâm Học liệu Trường Đại học Cần Thơ |
|---|
| LEADER | 00550nam a2200157Ia 4500 | ||
|---|---|---|---|
| 001 | CTU_108484 | ||
| 008 | 210402s9999 xx 000 0 und d | ||
| 082 | |a 639 | ||
| 082 | |b R425/N791 | ||
| 245 | 0 | |a Report of the experts meeting for the Re-establishment of the GFCM committee on aquaculture network on environment and aquaculture in the Mediterranean, Rome, 7 - 9 December 2005 | |
| 260 | |a Rome | ||
| 260 | |b FAO | ||
| 260 | |c 2006 | ||
| 650 | |a Fisheries, mediterranean | ||
| 904 | |i Minh | ||
| 980 | |a Trung tâm Học liệu Trường Đại học Cần Thơ | ||